|
|
|
|
| LEADER |
01322nam a2200301 i 4500 |
| 001 |
c000042646 |
| 003 |
CARM |
| 005 |
00000000000000.0 |
| 008 |
770926s1977 ilu b 00110 eng |
| 019 |
1 |
|
|a 1041317
|z 28165860
|5 LACONCORD2021
|
| 020 |
|
|
|c $8.00
|
| 035 |
|
|
|a (OCoLC)2855816
|5 LACONCORD2021
|
| 050 |
0 |
0 |
|a Z5942
|b .C68 no. 1258-1259
|a HD7255
|
| 100 |
1 |
|
|a Beauregard, Robert A.
|
| 245 |
1 |
0 |
|a Labor market planning to serve the developmentally disabled :
|b a literature review and bibliography /
|c Robert A. Beauregard and Bernard P. Indik.
|
| 260 |
|
|
|a Monticello, Ill. :
|b Council of Planning Librarians,
|c 1977.
|
| 300 |
|
|
|a 79 p. ;
|c 28 cm.
|
| 490 |
1 |
|
|a Exchange bibliography - Council of Planning Librarians ; 1258-1259
|
| 500 |
|
|
|a Cover title.
|
| 500 |
|
|
|a Includes index.
|
| 650 |
|
0 |
|a Developmentally disabled
|x Employment.
|
| 650 |
|
0 |
|a Developmentally disabled
|x Employment
|x Bibliography.
|
| 700 |
1 |
|
|a Indik, Bernard P.
|e joint author.
|
| 810 |
2 |
|
|a Council of Planning Librarians (U.S.).
|t Exchange bibliography ;
|v 1258-1259.
|
| 852 |
8 |
|
|b CARM
|h A2:AF35C0
|i D01161
|p 0069636
|f BK
|
| 082 |
0 |
4 |
|a 016.3092 s
|a 331.5/9
|
| 999 |
f |
f |
|i a87c9db2-d81e-5b7b-bbb6-ce18e38c238e
|s 20e7dbc8-ffbd-5fd0-b58a-9bce504f6d68
|
| 952 |
f |
f |
|p Can circulate
|a CAVAL
|b CAVAL
|c CAVAL
|d CARM 1 Store
|e D01161
|f A2:AF35C0
|h Other scheme
|i book
|m 0069636
|